Investment opportunities in Korea

Na minha lista:
Detalhes bibliográficos
Formato: Livro
Idioma:Undetermined
Publicado em: Korea Economic Planning Board 1972
Assuntos:
Tags: Adicionar Tag
Sem tags, seja o primeiro a adicionar uma tag!
Thư viện lưu trữ: Trung tâm Học liệu Trường Đại học Cần Thơ
LEADER 00508nam a2200181Ia 4500
001 CTU_89992
008 210402s9999 xx 000 0 und d
082 |a 332.6 
082 |b I.62 
245 0 |a Investment opportunities in Korea 
260 |a Korea 
260 |b Economic Planning Board 
260 |c 1972 
650 |a Investments, foreign,Korea (south) 
650 |x Economic conditions 
650 |z Korea (south) 
904 |i Mai Loan,Hải 
980 |a Trung tâm Học liệu Trường Đại học Cần Thơ